| 000 | 00325nam a2200109Ia 4500 | ||
|---|---|---|---|
| 008 | 220204s9999 xx 000 0 und d | ||
| 082 |
_a330.34 _bBHA |
||
| 100 | _aBharadwaj, Krishna | ||
| 245 | 0 | _aAccumulation,exchange and development : Essays on the Indian economy | |
| 260 |
_aNewDelhi _bSage publications _c1994 |
||
| 942 | _cBK | ||
| 999 |
_c40820 _d40820 |
||